The brain and nervous system

Bibliographic Details
Main Author: Parker, Steve
Format: Book
Published: London : Franklin Watts , 1989
Series:The human body
Subjects:

MARC

LEADER 00000cam a2200000 7i4500
001 0000005559
002 000006011
005 20051005.0
020 |a 0863138659 
090 0 0 |a 611   |b HUM 
100 1 |a Parker, Steve 
245 1 4 |a The brain and nervous system   |c Steve Parker 
260 |a London :   |b Franklin Watts ,   |c 1989 
300 |a 48 p. ;   |c 27 cm. 
490 0 |a The human body 
650 0 0 |a Brains   |x Juvenile literature 
999 |a 016268   |b BUKU   |c JUNIOR BOOKS   |e PERPUSTAKAAN KOMUNITI PETALING JAYA